000
00381nam a2200133Ia 4500
008
151001s9999||||xx |||||||||||||| ||und||
100
_a
ना सी फडके
245
_a
लघुकथा लेखन मंत्र व तंत्र
250
_a
1
260
_b
अंजली प्रकाशन पुणे
260
_c
1952
300
_a
400
365
_b
8
999
_c
950192
_d
950189